The portable MBA in strategy
Guardat en:
| Autors principals: | , |
|---|---|
| Format: | Llibre |
| Idioma: | anglès |
| Publicat: |
Nueva York
John Wiley & Sons
1994
|
| Col·lecció: | The Portable MBA Series
|
| Matèries: | |
| Etiquetes: |
Afegir etiqueta
Sense etiquetes, Sigues el primer a etiquetar aquest registre!
|
MARC
| LEADER | 00000nam a2200000 a 4500 | ||
|---|---|---|---|
| 001 | UCH0528 | ||
| 003 | CL-VaPUC | ||
| 008 | 090312e19940000US |||||||||||||||||eng|d | ||
| 020 | |a 0471584983 | ||
| 082 | 0 | 4 | |a 658.401 |b FAH |2 21 |
| 100 | 0 | |a Fahey, Liam |e author |9 534714 | |
| 700 | 0 | |a Randall, Robert M |e author |9 534715 | |
| 245 | 1 | 4 | |a The portable MBA in strategy |
| 300 | |a 484 p | ||
| 942 | |c BK | ||
| 945 | |d 20090312 00:00:00 |a dcastane | ||
| 260 | |a Nueva York |b John Wiley & Sons |c 1994 | ||
| 650 | 0 | |a Planificación estratégica |9 259735 | |
| 650 | 0 | |a Administración estratégica |9 534716 | |
| 583 | |a last modification |c 20140401 10:18:07 |k Rodrigo Vera | ||
| 490 | 0 | |a The Portable MBA Series | |
| 999 | |c 332822 |d 332820 | ||
| 952 | |0 0 |1 0 |4 0 |6 658_401000000000000_FAH_1994 |7 0 |8 A |9 420802 |a BIBING |b BIBING |d 2019-11-22 |i 4514998 |o 658.401 FAH 1994 |p 4514998 |r 2025-01-20 |w 2019-11-22 |y BK |k EII | ||